|
|
|
|
| LEADER |
00659nam a2200253 a 4500 |
| 001 |
adlib96000001 |
| 003 |
ViArRB |
| 005 |
20151026130950.0 |
| 008 |
960221s1955 dcuabcdjdbkoqu001 0deng d |
| 020 |
|
|
|
| 022 |
|
|
|
| 040 |
|
|
|a Adlib
|
| 082 |
|
|
|a 291.115:92(RAM)
|
| 245 |
|
|
|a Life and Teachings of Saint ramalingar
|
| 250 |
|
|
|
| 260 |
|
|
|a Bombay
|b Bharatiya Vidya Bhavan
|c 1973
|
| 300 |
|
|
|a vii, 216 p.
|
| 500 |
|
|
|a
|
| 100 |
|
|
|a Annamalai. S P
|
| 700 |
|
|
|
| 942 |
|
|
|c BK
|6 _
|
| 653 |
|
|
|a Religion
|
| 999 |
|
|
|c 17466
|d 17466
|
| 952 |
|
|
|0 0
|1 0
|4 0
|6 29111592RAM_ANN
|7 0
|9 29000
|a UL
|b UL
|d 2010-06-16
|o 291.115:92(RAM) ANN
|p H0004225
|r 2010-06-16
|w 2010-06-16
|y BK
|